000 00298nam a22001337a 4500
008 210303b ||||| |||| 00| 0 eng d
020 _a9780534603403
041 _aeng
080 _25th
_a32
100 _a19
101 _aSHP
245 _aPublic Administration
_cDenhardt,B.R
942 _2udc
_cBK
999 _c55578
_d55578